000 01264nam a2200229 4500
001 121495
008 230517s2023 ||||| |||| 00| 0 eng d
020 _a9781783214686
041 _aeng
050 _aF692.5
110 _aBuilding Cost Information Service
245 _aBCIS Comprehensive Building Price Book Minor Works, 2023
260 _aLondon
_bBCIS
_c2023
300 _a1 v.
_c30 cm
520 _aThe Minor Works Estimating Dataset focuses on small to medium sized 'new build' projects reflect the increase in costs brought about the reduced output, less discounts, increased carriage and supervision, to the similar items in the Major Works dataset. Given unit rates compiled from over 500,000 price elements. Each unit rating element has been updated on new material specifications have been incorporated with applicable and includes the latest amendments to professional information, average building prices, Town & Country planning regulations fees for applications, building regulations prescribed fees etc and cost limits, and allowances.
520 _aSupersedes 39th edition ISBN 9781783214204
650 _aBuilding costs
650 _aPrice books
651 _aUnited Kingdom
690 _96233
_aCost management
942 _n0
999 _c121495
_d121495